[Event "Mittelfrank Regionalliga Nord-Ost 2223"]
[Site "Mittelfranken"]
[Date "2023.03.05"]
[Round "7.7"]
[White "Braun, Robert"]
[Black "Reichmann, Ulrich"]
[Result "0-1"]
[WhiteElo "1919"]
[BlackElo "1891"]
[PlyCount "66"]
[EventDate "2022.10.09"]
[EventType "team-tourn"]
[EventRounds "9"]
[EventCountry "GER"]
[SourceTitle "EXT 2024"]
[Source "ChessBase"]
[SourceDate "2023.10.10"]
[SourceVersion "1"]
[SourceVersionDate "2023.10.10"]
[SourceQuality "1"]
[WhiteTeam "Buechenbach/Roth"]
[BlackTeam "Heng Postbauer"]
[WhiteTeamCountry "GER"]
[BlackTeamCountry "GER"]

1. e4 c5 2. Nf3 Nc6 3. d4 cxd4 4. Nxd4 e5 5. Nf3 Nf6 6. Nc3 Bb4 7. Bd2 0-0 8. Bc4 Bxc3 9. Bxc3 Nxe4 10. Qd5 Nxc3 11. bxc3 Qa5 12. Qxa5 Nxa5 13. Bd5 d6 14. Rb1 Be6 15. Rb5 Bxd5 16. Rxd5 Nc4 17. Ke2 Rad8 18. Rhd1 Rfe8 19. Nd2 Nxd2 20. R1xd2 Re6 21. Ra5 a6 22. a4 Kf8 23. c4 Rc8 24. Kd3 Rh6 25. h3 Rh4 26. Rd5 Rcxc4 27. Rxd6 Rcd4+ 28. Rxd4 Rxd4+ 29. Kc3 Rxd2 30. Kxd2 b6 31. Kc3 Ke7 32. Kb4 Kd6 33. c4 f5 0-1

[Event "Mittelfrank Regionalliga Nord-Ost 2223"]
[Site "Mittelfranken"]
[Date "2023.02.05"]
[Round "6.5"]
[White "Schmahl, Stephan"]
[Black "Braun, Robert"]
[Result "1/2-1/2"]
[WhiteElo "1993"]
[BlackElo "1919"]
[PlyCount "55"]
[EventDate "2022.10.09"]
[EventType "team-tourn"]
[EventRounds "9"]
[EventCountry "GER"]
[SourceTitle "EXT 2024"]
[Source "ChessBase"]
[SourceDate "2023.10.10"]
[SourceVersion "1"]
[SourceVersionDate "2023.10.10"]
[SourceQuality "1"]
[WhiteTeam "Windischeschenbach"]
[BlackTeam "Buechenbach/Roth"]
[WhiteTeamCountry "GER"]
[BlackTeamCountry "GER"]

1. d4 d5 2. Nf3 Nf6 3. e3 e6 4. Bd3 Bd6 5. 0-0 Nbd7 6. b3 e5 7. dxe5 Nxe5 8. Nxe5 Bxe5 9. c3 Bg4 10. Qc2 h5 11. h3 Bd7 12. Nd2 Qe7 13. f4 Bd6 14. e4 Bc5+ 15. Kh1 dxe4 16. Nxe4 Nxe4 17. Bxe4 0-0-0 18. Bd2 Rhe8 19. Rae1 Qd6 20. f5 Bc6 21. Bf4 Qf6 22. Bxc6 Qxc6 23. Rxe8 Rxe8 24. Qd1 Qa6 25. Re1 Qc6 26. Rf1 Qa6 27. Re1 Qc6 28. Rf1 1/2-1/2

[Event "Regionalliga Nord-Ost 1819"]
[Site "Bayern"]
[Date "2018.10.21"]
[Round "1.7"]
[White "Braun, Robert"]
[Black "Goetz, Andreas"]
[Result "1/2-1/2"]
[WhiteElo "1947"]
[BlackElo "2033"]
[PlyCount "48"]
[EventDate "2018.10.21"]
[EventType "team-tourn"]
[EventRounds "9"]
[EventCountry "GER"]
[SourceTitle "EXT 2022"]
[Source "ChessBase"]
[SourceDate "2021.10.06"]
[SourceVersion "1"]
[SourceVersionDate "2021.10.06"]
[SourceQuality "1"]
[WhiteTeam "Buechenbach/Roth"]
[BlackTeam "Erlangen SC II"]
[WhiteTeamCountry "GER"]
[BlackTeamCountry "GER"]

1. e4 e5 2. Nf3 Nc6 3. Bb5 a6 4. Ba4 Nf6 5. d3 b5 6. Bb3 Bc5 7. Bg5 b4 8. Nbd2 d6 9. Ba4 Bd7 10. Nb3 Bb6 11. 0-0 Nb8 12. Bxd7+ Nbxd7 13. a3 bxa3 14. Rxa3 Nc5 15. Na5 Ne6 16. Qd2 0-0 17. Nc4 Nxg5 18. Qxg5 h6 19. Qd2 Qd7 20. Rfa1 Qb5 21. b4 Rfd8 22. Nxb6 Qxb6 23. c4 c6 24. h3 Rdb8 1/2-1/2

[Event "Regionalliga NO 1617"]
[Site "Bayern"]
[Date "2016.10.16"]
[Round "1.6"]
[White "Goetz, Andreas"]
[Black "Braun, Robert"]
[Result "1/2-1/2"]
[WhiteElo "2012"]
[BlackElo "1928"]
[PlyCount "50"]
[EventDate "2016.10.16"]
[EventType "team-tourn"]
[EventRounds "9"]
[EventCountry "GER"]
[SourceTitle "EXT 2019"]
[Source "ChessBase"]
[SourceDate "2018.10.10"]
[SourceVersion "1"]
[SourceVersionDate "2018.10.10"]
[SourceQuality "1"]
[WhiteTeam "Erlangen SC II"]
[BlackTeam "Buechenbach/Roth"]
[WhiteTeamCountry "GER"]
[BlackTeamCountry "GER"]

1. Nf3 d5 2. d4 Nf6 3. c4 c6 4. e3 g6 5. Qc2 Bf5 6. Qb3 Qb6 7. c5 Qxb3 8. axb3 Bxb1 9. Rxb1 Nbd7 10. b4 Bg7 11. Bd3 0-0 12. Bd2 Rfe8 13. Bc3 h6 14. Ke2 Nh7 15. Ra1 e5 16. dxe5 Nxe5 17. Nd4 Nxd3 18. Kxd3 a6 19. Nb3 Nf6 20. Rhf1 Ng4 21. h3 Ne5+ 22. Kc2 Re7 23. Na5 Rae8 24. Rad1 f5 25. Rfe1 Kf8 1/2-1/2

[Event "Regionalliga NO 1516"]
[Site "Bayern"]
[Date "2016.04.10"]
[Round "9.7"]
[White "Braun, Robert"]
[Black "Unterkircher, Michael"]
[Result "1-0"]
[WhiteElo "1928"]
[BlackElo "1864"]
[PlyCount "59"]
[EventDate "2015.10.11"]
[EventType "team-tourn"]
[EventRounds "9"]
[EventCountry "GER"]
[SourceTitle "EXT 2018"]
[Source "ChessBase"]
[SourceDate "2017.10.13"]
[SourceVersion "1"]
[SourceVersionDate "2017.10.13"]
[SourceQuality "1"]
[WhiteTeam "Buechenbach/Roth"]
[BlackTeam "Windischeschenbach"]
[WhiteTeamCountry "GER"]
[BlackTeamCountry "GER"]

1. e4 c5 2. Nf3 d6 3. d4 cxd4 4. Nxd4 Nf6 5. Nc3 Nc6 6. Bg5 Qa5 7. Bxf6 gxf6 8. Nb3 Qd8 9. f4 e6 10. Qf3 a6 11. 0-0-0 Qc7 12. g3 b5 13. Bg2 Bb7 14. e5 fxe5 15. fxe5 0-0-0 16. exd6 Bxd6 17. Ne4 f5 18. Nec5 Bxc5 19. Nxc5 Na5 20. Nxb7 Qxb7 21. Qc3+ Qc7 22. Qf6 Rhe8 23. Rhe1 Rxd1+ 24. Rxd1 Nc4 25. Qd4 e5 26. Qd5 Nb6 27. Qf3 Rf8 28. Qa3 b4 29. Qxa6+ Kb8 30. Rd6 1-0

[Event "Regionalliga NO 1516"]
[Site "Bayern"]
[Date "2015.12.13"]
[Round "4.7"]
[White "Braun, Robert"]
[Black "Nehls, Benedikt"]
[Result "1-0"]
[WhiteElo "1928"]
[BlackElo "2013"]
[PlyCount "55"]
[EventDate "2015.10.11"]
[EventType "team-tourn"]
[EventRounds "9"]
[EventCountry "GER"]
[SourceTitle "EXT 2018"]
[Source "ChessBase"]
[SourceDate "2017.10.13"]
[SourceVersion "1"]
[SourceVersionDate "2017.10.13"]
[SourceQuality "1"]
[WhiteTeam "Buechenbach/Roth"]
[BlackTeam "Erlangen SC II"]
[WhiteTeamCountry "GER"]
[BlackTeamCountry "GER"]

1. e4 c5 2. Nf3 d6 3. d4 cxd4 4. Nxd4 Nf6 5. Nc3 a6 6. Bg5 e6 7. f4 Nbd7 8. Qf3 Qc7 9. 0-0-0 b5 10. a3 Bb7 11. Bd3 Be7 12. Qg3 Qb6 13. e5 Nh5 14. Qg4 Qxd4 15. Bxe7 Qxf4+ 16. Qxf4 Nxf4 17. exd6 Bxg2 18. Rhg1 g6 19. Rxg2 Nxg2 20. Be4 Ne3 21. Bxa8 Nxd1 22. Kxd1 f5 23. Bc6 Rg8 24. Ne2 Rg7 25. Bg5 e5 26. Nc3 Rf7 27. Nd5 Kf8 28. Be7+ 1-0

[Event "Regionalliga NO 1516"]
[Site "Bayern"]
[Date "2015.10.25"]
[Round "2.6"]
[White "Zuehlke, Burkhard"]
[Black "Braun, Robert"]
[Result "1/2-1/2"]
[WhiteElo "1957"]
[BlackElo "1928"]
[PlyCount "66"]
[EventDate "2015.10.11"]
[EventType "team-tourn"]
[EventRounds "9"]
[EventCountry "GER"]
[SourceTitle "EXT 2018"]
[Source "ChessBase"]
[SourceDate "2017.10.13"]
[SourceVersion "1"]
[SourceVersionDate "2017.10.13"]
[SourceQuality "1"]
[WhiteTeam "Zirndorf"]
[BlackTeam "Buechenbach/Roth"]
[WhiteTeamCountry "GER"]
[BlackTeamCountry "GER"]

1. d4 Nf6 2. c4 e6 3. Nc3 d5 4. cxd5 exd5 5. Bg5 Be7 6. e3 c6 7. Bd3 Bg4 8. Qc2 Nbd7 9. Nge2 Bxe2 10. Nxe2 Qa5+ 11. Nc3 h6 12. Bh4 0-0 13. 0-0 Rfe8 14. a3 a6 15. Bg3 Bf8 16. h3 Qd8 17. Rac1 Nh5 18. Bh2 Qg5 19. Rce1 g6 20. Kh1 Qf6 21. Be2 Ng7 22. Bg4 Qd8 23. Qd2 Nf6 24. Bd1 Bd6 25. Bc2 Bxh2 26. Kxh2 Qd6+ 27. Kg1 Rad8 28. Qc1 h5 29. b4 Ne6 30. Qb1 Kg7 31. Qb2 Ng5 32. Bd3 Nge4 33. Nxe4 Nxe4 1/2-1/2

[Event "Mittelfranken-chTB1 1314"]
[Site "Mittelfranken"]
[Date "2013.12.01"]
[Round "3.6"]
[White "Schloetterer, Hermann"]
[Black "Braun, Robert"]
[Result "1-0"]
[WhiteElo "1762"]
[BlackElo "1928"]
[PlyCount "81"]
[EventDate "2013.10.20"]
[EventType "team-tourn"]
[EventRounds "9"]
[EventCountry "GER"]
[SourceTitle "EXT 2020"]
[Source "ChessBase"]
[SourceDate "2019.10.17"]
[SourceVersion "1"]
[SourceVersionDate "2019.10.17"]
[SourceQuality "1"]
[WhiteTeam "Nuernberg Zabo"]
[BlackTeam "Buechenbach/Roth"]
[WhiteTeamCountry "GER"]
[BlackTeamCountry "GER"]

1. d4 Nf6 2. g3 g6 3. Bg2 d5 4. Nf3 Bg7 5. c4 c6 6. 0-0 0-0 7. Nc3 dxc4 8. e4 Bg4 9. Be3 Na6 10. h3 Bxf3 11. Bxf3 Qd7 12. Kh2 Nc7 13. Qc2 b5 14. Rfd1 Rfd8 15. Rac1 Rac8 16. Ne2 a5 17. g4 Ne6 18. g5 Qc7+ 19. Kh1 Nd7 20. Bg4 Nb6 21. f4 Ra8 22. f5 Nf8 23. Rf1 gxf5 24. Rxf5 e6 25. Rf2 e5 26. dxe5 Bxe5 27. Rcf1 Nc8 28. Rxf7 Qxf7 29. Rxf7 Kxf7 30. Nf4 Ne7 31. Qf2 Kg8 32. Nh5 Nfg6 33. Nf6+ Kg7 34. Nd7 Rxd7 35. Bxd7 Rf8 36. Bf5 b4 37. h4 c3 38. bxc3 bxc3 39. h5 Nxf5 40. exf5 Ne7 41. f6+ 1-0

[Event "Regionalliga NO 0910"]
[Site "Bayern"]
[Date "2010.03.21"]
[Round "8.8"]
[White "Justi, Fabian"]
[Black "Braun, Robert"]
[Result "0-1"]
[WhiteElo "1839"]
[BlackElo "1921"]
[PlyCount "75"]
[EventDate "2009.10.18"]
[EventType "team-tourn"]
[EventRounds "9"]
[EventCountry "GER"]
[SourceTitle "EXT 2011"]
[Source "ChessBase"]
[SourceDate "2010.11.26"]
[SourceVersion "1"]
[SourceVersionDate "2010.11.26"]
[SourceQuality "1"]
[WhiteTeam "Forchheim II"]
[BlackTeam "Buechenbach/Roth"]
[WhiteTeamCountry "GER"]
[BlackTeamCountry "GER"]

1. e4 c5 2. Nc3 d6 3. g3 Nf6 4. Bg2 Nc6 5. d3 g6 6. f4 Bg7 7. Nf3 Qb6 8. Rb1 0-0 9. Be3 Ng4 10. Bg1 f5 11. Ng5 e5 12. exf5 Bxf5 13. Bd5+ Kh8 14. Nf7+ Rxf7 15. Bxf7 exf4 16. gxf4 Qd8 17. Qe2 Nd4 18. Bxd4 Bxd4 19. Ne4 Qh4+ 20. Kd2 Be3+ 21. Kc3 Bxe4 22. dxe4 Qf6+ 23. e5 Qxf4 24. Qc4 Bd4+ 25. Kb3 Nxe5 26. Qf1 Qxf7+ 27. Qxf7 Nxf7 28. Rhf1 Kg7 29. c3 Be5 30. Rbe1 b5 31. c4 a6 32. h3 Rf8 33. h4 Nh6 34. Rxf8 Kxf8 35. Rf1+ Kg7 36. a4 b4 37. Kc2 Nf5 38. h5 0-1

[Event "Mittelfrankenliga-B1 0708"]
[Site "Mittelfranken"]
[Date "2008.04.27"]
[Round "9.7"]
[White "Werner, Thomas1111"]
[Black "Braun, Robert"]
[Result "1-0"]
[WhiteElo "1878"]
[BlackElo "1875"]
[PlyCount "59"]
[EventDate "2007.10.14"]
[EventType "team-tourn"]
[EventRounds "9"]
[EventCountry "GER"]
[SourceTitle "EXT 2011"]
[Source "ChessBase"]
[SourceDate "2010.11.26"]
[SourceVersion "1"]
[SourceVersionDate "2010.11.26"]
[SourceQuality "1"]
[WhiteTeam "Nuernberg Sued SW II"]
[BlackTeam "Buechenbach/Roth"]
[WhiteTeamCountry "GER"]
[BlackTeamCountry "GER"]

1. d4 Nf6 2. c4 e5 3. dxe5 Ng4 4. Nf3 Bb4+ 5. Bd2 Bxd2+ 6. Qxd2 Nc6 7. Nc3 Ngxe5 8. Nxe5 Nxe5 9. e4 d6 10. f4 Qh4+ 11. Qf2 Qxf2+ 12. Kxf2 Ng4+ 13. Kf3 0-0 14. Nd5 f5 15. exf5 Nf6 16. Nxc7 Bxf5 17. Nxa8 Be4+ 18. Ke3 Rxa8 19. Rg1 d5 20. g4 Re8 21. Kd2 Bf3 22. Bd3 Bxg4 23. Rae1 Rd8 24. Kc2 Kf8 25. cxd5 Rxd5 26. Bxh7 Rh5 27. Bg6 Rxh2+ 28. Kc1 Bf3 29. Rg3 Bc6 30. Rd3 1-0

[Event "Mittelfrankenliga-B2b 0607"]
[Site "Mittelfranken"]
[Date "2007.01.14"]
[Round "4.4"]
[White "Braun, Robert"]
[Black "Dereser, Marc"]
[Result "1/2-1/2"]
[WhiteElo "1870"]
[BlackElo "1822"]
[PlyCount "32"]
[EventDate "2006.10.22"]
[EventType "team-tourn"]
[EventRounds "9"]
[EventCountry "GER"]
[SourceTitle "EXT 2011"]
[Source "ChessBase"]
[SourceDate "2010.11.26"]
[SourceVersion "1"]
[SourceVersionDate "2010.11.26"]
[SourceQuality "1"]
[WhiteTeam "Buechenbach/Roth"]
[BlackTeam "Nuernberg SK 1911 II"]
[WhiteTeamCountry "GER"]
[BlackTeamCountry "GER"]

1. e4 c5 2. Nf3 d6 3. d4 cxd4 4. Nxd4 Nf6 5. Nc3 a6 6. Be3 e6 7. f3 Be7 8. Qd2 b5 9. a3 Bd7 10. Rd1 Nc6 11. Be2 0-0 12. 0-0 Qc7 13. Kh1 d5 14. exd5 Nxd4 15. Bxd4 Nxd5 16. f4 Bd6 1/2-1/2

[Event "Mittelfrankenliga-B1 0506"]
[Site "Germany"]
[Date "2005.11.20"]
[Round "2.5"]
[White "Braun, Robert"]
[Black "Petzold, Vinzenz"]
[Result "0-1"]
[WhiteElo "1960"]
[BlackElo "2068"]
[PlyCount "86"]
[EventDate "2005.10.16"]
[EventType "team"]
[EventRounds "9"]
[EventCountry "GER"]
[SourceTitle "EXT 2007"]
[Source "ChessBase"]
[SourceDate "2006.11.23"]
[SourceVersion "1"]
[SourceVersionDate "2006.11.23"]
[SourceQuality "1"]

1. e4 c5 2. Nf3 Nc6 3. d4 cxd4 4. Nxd4 Nf6 5. Nc3 e5 6. Ndb5 d6 7. Nd5 Nxd5 8. exd5 Nb8 9. c4 Be7 10. Bd3 a6 11. Nc3 0-0 12. Qh5 g6 13. Qh6 Bf6 14. Ne4 Bg7 15. Qg5 f6 16. Qh4 Bf5 17. g4 Bxe4 18. Bxe4 Nd7 19. Rg1 Rf7 20. Bd2 Nc5 21. Bc2 a5 22. b3 Qe7 23. Be3 b6 24. Kf1 Re8 25. Re1 Qc7 26. Qg3 Rfe7 27. Bxc5 Qxc5 28. Be4 Bh6 29. Qd3 Rg7 30. h4 Bf4 31. Rh1 Qc8 32. f3 Rf8 33. Qc2 f5 34. Bd3 fxg4 35. h5 Bg5 36. hxg6 Rxf3+ 37. Kg2 Qf8 38. Ref1 Qf4 39. Rxh7 Qg3+ 40. Kh1 Rxd3 41. Qf2 Qxf2 42. Rxf2 Rd1+ 43. Kg2 Rd2 0-1